[Event "2. BUNDESLIGA MITTE"]
[Site "Steyregg, Fuerstenfeld/Sauwald/Villach, St. Veit/Glan, Graz"]
[Date "2015.10.03"]
[Round "2"]
[Board "3"]
[White "Sandhoefner, Florian"]
[Black "Halvax, Georg"]
[Result "0-1"]
[WhiteElo "2229"]
[BlackElo "2337"]
[PlyCount "94"]
[EventDate "2015.10.02"]
[EventType "team"]
[EventRounds "11"]
[EventCountry "AUT"]
[WhiteTeam "ASK Case IH SteyrSt. Valentin"]
[BlackTeam "SC MPOE Maria Saal 2"]

1. e4 c5 2. Nf3 Nc6 3. d4 cxd4 4. Nxd4 Nf6 5. Nc3 e5 6. Ndb5 d6 7. Bg5 a6 8.
Na3 b5 9. Nd5 Be7 10. Bxf6 Bxf6 11. c3 Bg5 12. Nc2 Rb8 13. Be2 O-O 14. O-O Ne7
15. Nce3 Bxe3 16. Nxe3 Bb7 17. Bf3 Qb6 18. Qb3 Kh8 19. Rfd1 Rbd8 20. a4 f5 21.
axb5 fxe4 22. Be2 Rxf2 23. Kxf2 Rf8+ 24. Bf3 exf3 25. g4 d5 26. Qb4 Qh6 27. Nf1
Qh4+ 28. Ke3 d4+ 29. Kd3 Rc8 30. c4 Qxg4 31. Ng3 e4+ 32. Kxd4 e3+ 33. Kxe3 Nd5+
34. Rxd5 Bxd5 35. bxa6 Re8+ 36. Kd3 f2 37. a7 Qf3+ 38. Kd2 Ba8 39. Qb8 Qf8 40.
Qb6 Qf4+ 41. Kc3 Qe5+ 42. Kb3 Qe1 43. Ka2 h6 44. Rb1 Kh7 45. Qd4 Re3 46. b4
f1=Q 47. Nxf1 Qf2+ 0-1

[Event "2. BUNDESLIGA MITTE"]
[Site "Steyregg, Fuerstenfeld/Sauwald/Villach, St. Veit/Glan, Graz"]
[Date "2015.10.03"]
[Round "2"]
[Board "4"]
[White "Tomazini, Zan"]
[Black "Kranzl, Peter"]
[Result "1-0"]
[WhiteElo "2428"]
[BlackElo "2168"]
[PlyCount "57"]
[EventDate "2015.10.02"]
[EventType "team"]
[EventRounds "11"]
[EventCountry "AUT"]
[WhiteTeam "SC MPOE Maria Saal 2"]
[BlackTeam "ASK Case IH SteyrSt. Valentin"]

1. e4 c6 2. d4 d5 3. exd5 cxd5 4. c4 Nf6 5. Nc3 g6 6. Qb3 Bg7 7. cxd5 O-O 8.
Be2 b6 9. Bf3 Bb7 10. Bf4 Qd7 11. Nge2 Rd8 12. Rc1 Na6 13. Qa3 Bf8 14. Be5 Ng4
15. O-O Nxe5 16. dxe5 e6 17. d6 Bg7 18. Bxb7 Qxb7 19. f4 f6 20. Nd4 fxe5 21.
Nxe6 exf4 22. Nxd8 Rxd8 23. Qb3+ Kh8 24. Rxf4 Rxd6 25. Re1 Be5 26. Kh1 Rd7 27.
Rf8+ Kg7 28. Rg8+ Kh6 29. Ne4 1-0

[Event "2. BUNDESLIGA MITTE"]
[Site "Steyregg, Fuerstenfeld/Sauwald/Villach, St. Veit/Glan, Graz"]
[Date "2015.10.03"]
[Round "2"]
[Board "5"]
[White "Heimberger, Reinhard"]
[Black "Tomazini, Aljosa"]
[Result "0-1"]
[WhiteElo "2284"]
[BlackElo "2335"]
[PlyCount "86"]
[EventDate "2015.10.02"]
[EventType "team"]
[EventRounds "11"]
[EventCountry "AUT"]
[WhiteTeam "ASK Case IH SteyrSt. Valentin"]
[BlackTeam "SC MPOE Maria Saal 2"]

1. d4 Nf6 2. g3 g6 3. Bg2 d5 4. Nf3 Bg7 5. O-O O-O 6. b3 c5 7. e3 Nc6 8. Bb2
Ne4 9. Nbd2 Bg4 10. h3 Nxd2 11. Qxd2 Bxf3 12. Bxf3 cxd4 13. exd4 e6 14. c3 Qb6
15. Rfd1 Rfd8 16. Bg2 a5 17. Ba3 a4 18. Bc5 Qc7 19. bxa4 b6 20. Bb4 Rxa4 21.
Bf1 Nxb4 22. cxb4 Bf8 23. Rdb1 Rda8 24. Bb5 Ra3 25. Rc1 Qe7 26. Bc6 R8a7 27.
Rcb1 Qd6 28. b5 Bg7 29. Rd1 R7a4 30. Qb2 Qb4 31. Qxb4 Rxb4 32. Rac1 Bxd4 33.
Rc2 Rxg3+ 34. Kh2 Ra3 35. Be8 Bc5 36. Rdc1 Kf8 37. Bc6 Rba4 38. Rb1 Bd6+ 39.
Kg2 Rxa2 40. Rc3 Rf4 41. Rf3 Rxf3 42. Kxf3 Bc5 43. Kf4 Rxf2+ 0-1

[Event "2. BUNDESLIGA MITTE"]
[Site "Steyregg, Fuerstenfeld/Sauwald/Villach, St. Veit/Glan, Graz"]
[Date "2015.10.03"]
[Round "2"]
[Board "1"]
[White "Degtiarev, Evgeny"]
[Black "Felsberger, Alfred"]
[Result "0-1"]
[WhiteElo "2411"]
[BlackElo "2334"]
[PlyCount "94"]
[EventDate "2015.10.02"]
[EventType "team"]
[EventRounds "11"]
[EventCountry "AUT"]
[WhiteTeam "RbEJ Gleisdorf"]
[BlackTeam "Union Ansfelden"]

1. d4 Nf6 2. c4 e6 3. Nf3 d5 4. Nc3 c5 5. cxd5 exd5 6. g3 Nc6 7. Bg2 Be7 8. O-O
O-O 9. Bg5 cxd4 10. Nxd4 h6 11. Be3 Bg4 12. Nxc6 bxc6 13. Na4 Qa5 14. Rc1 Rac8
15. Bc5 Rfe8 16. f3 Be6 17. Bxe7 Rxe7 18. Rc5 Qa6 19. b4 d4 20. Re5 Bb3 21.
Rxe7 Bxd1 22. Nc5 Qc4 23. Rxd1 Qxb4 24. Re5 Nd5 25. Nb3 Ne3 26. Rc1 c5 27. Bh3
Rc7 28. Kf2 Qa3 29. Rcxc5 Rxc5 30. Rxc5 Qb2 31. Rc8+ Kh7 32. Rd8 Nc2 33. Rd7
Kg6 34. Rxa7 Qc3 35. f4 Qe3+ 36. Kf1 d3 37. Ra6+ f6 38. Bg4 Qe4 39. exd3 Qh1+
40. Kf2 Qxh2+ 41. Kf3 Qh1+ 42. Kf2 Qe1+ 43. Kg2 Ne3+ 44. Kf3 Nf1 45. Bc8 Nh2+
46. Kg2 Qe2+ 47. Kh3 Nf1 0-1

[Event "2. BUNDESLIGA MITTE"]
[Site "Steyregg, Fuerstenfeld/Sauwald/Villach, St. Veit/Glan, Graz"]
[Date "2015.10.03"]
[Round "2"]
[Board "2"]
[White "Weiss, Christian"]
[Black "Frosch, Ronald"]
[Result "1-0"]
[WhiteElo "2353"]
[BlackElo "2239"]
[PlyCount "83"]
[EventDate "2015.10.02"]
[EventType "team"]
[EventRounds "11"]
[EventCountry "AUT"]
[WhiteTeam "Union Ansfelden"]
[BlackTeam "RbEJ Gleisdorf"]

1. c4 e6 2. Nf3 Nf6 3. e3 b6 4. b3 Bb7 5. Bb2 Be7 6. Be2 O-O 7. O-O d5 8. cxd5
exd5 9. d4 Nbd7 10. Nc3 Ne4 11. Rc1 f5 12. g3 c6 13. Ne5 Nxe5 14. dxe5 Qe8 15.
f4 Bc5 16. Nxe4 fxe4 17. Rxc5 bxc5 18. Ba3 Bc8 19. Bxc5 Bh3 20. Rf2 Qe6 21.
Bxf8 Rxf8 22. b4 g5 23. Bf1 Bg4 24. Qd4 gxf4 25. exf4 Rf7 26. Rd2 Bf3 27. Bg2
Qg4 28. Qe3 Bxg2 29. Kxg2 Rb7 30. h3 Qh5 31. g4 Qf7 32. a3 h5 33. Kh2 a5 34.
Rg2 axb4 35. axb4 h4 36. f5 Rxb4 37. Qg5+ Qg7 38. Qd8+ Qf8 39. Qxh4 d4 40. f6
d3 41. Qg5+ Kf7 42. Qf5 1-0

[Event "2. BUNDESLIGA MITTE"]
[Site "Steyregg, Fuerstenfeld/Sauwald/Villach, St. Veit/Glan, Graz"]
[Date "2015.10.03"]
[Round "2"]
[Board "3"]
[White "Manhardt, Thomas"]
[Black "Moser, Guenter"]
[Result "1-0"]
[WhiteElo "2237"]
[BlackElo "2313"]
[PlyCount "73"]
[EventDate "2015.10.02"]
[EventType "team"]
[EventRounds "11"]
[EventCountry "AUT"]
[WhiteTeam "RbEJ Gleisdorf"]
[BlackTeam "Union Ansfelden"]

1. e4 {[%emt 0:00:00]} c6 {[%emt 0:00:00]} 2. d4 d5 3. exd5 cxd5 4. c4 Nf6 5.
Nc3 g6 6. Qb3 Bg7 7. cxd5 O-O 8. Be2 Na6 9. Bf3 Nc7 10. Bf4 Nce8 11. Nge2 Nd6
12. O-O a6 13. a4 b6 14. Rac1 Bb7 15. h3 Rc8 16. Na2 a5 17. Rxc8 Bxc8 18. Rc1
Bb7 19. Nac3 Nfe8 20. Be5 Bh6 21. Rc2 Nc8 22. Nb5 Ned6 23. Nec3 f5 24. Ne2 Rf7
25. Nc7 Qd7 26. Ne6 Qe8 27. Rc7 Ba6 28. Nc3 Bd2 29. Qc2 Bxc3 30. Rxc3 Bb7 31.
Qb3 h6 32. Be2 Kh7 33. Rc7 Qg8 34. Bb5 Nxb5 35. Qxb5 Nd6 36. Qd7 Bxd5 37. Bxd6
 1-0

[Event "2. BUNDESLIGA MITTE"]
[Site "Steyregg, Fuerstenfeld/Sauwald/Villach, St. Veit/Glan, Graz"]
[Date "2015.10.03"]
[Round "2"]
[Board "4"]
[White "Knoll, Hermann"]
[Black "Wegerer, Fred"]
[Result "1-0"]
[WhiteElo "2331"]
[BlackElo "2128"]
[PlyCount "115"]
[EventDate "2015.10.02"]
[EventType "team"]
[EventRounds "11"]
[EventCountry "AUT"]
[WhiteTeam "Union Ansfelden"]
[BlackTeam "RbEJ Gleisdorf"]

1. d4 d6 2. e4 Nf6 3. Nc3 e5 4. Nge2 Be7 5. h3 O-O 6. g4 exd4 7. Nxd4 d5 8. e5
Ne4 9. Nxe4 dxe4 10. Bg2 Qd5 11. Bf4 Rd8 12. Nb3 Qc6 13. Qe2 Be6 14. Bxe4 Bd5
15. Bxd5 Qxd5 16. O-O Nc6 17. Rad1 Qe6 18. Bg3 g5 19. Rfe1 a5 20. Qb5 b6 21. c3
a4 22. Rxd8+ Bxd8 23. Nc1 Ra5 24. Qe2 Be7 25. Qe4 Nd8 26. c4 Qg6 27. Qxg6+ hxg6
28. Nd3 Ne6 29. f4 gxf4 30. Nxf4 Nxf4 31. Bxf4 Rc5 32. b3 b5 33. Re4 bxc4 34.
bxc4 Rc6 35. Kg2 Kf8 36. Kf3 Ke8 37. h4 Kd7 38. h5 gxh5 39. gxh5 Bf8 40. h6 Rg6
41. h7 Bg7 42. Rd4+ Ke7 43. c5 Bh8 44. Rxa4 Rg7 45. Ra7 Rxh7 46. Rxc7+ Ke6 47.
Rc8 Kf5 48. e6 fxe6 49. Rf8+ Bf6 50. Bd6 Rh3+ 51. Kg2 Rc3 52. Be7 Rc2+ 53. Kf3
Rxa2 54. Bxf6 Ra3+ 55. Ke2 e5 56. c6 Rc3 57. c7 Ke6 58. c8=Q+ 1-0

[Event "2. BUNDESLIGA MITTE"]
[Site "Steyregg, Fuerstenfeld/Sauwald/Villach, St. Veit/Glan, Graz"]
[Date "2015.10.03"]
[Round "2"]
[Board "5"]
[White "Watzka, Horst"]
[Black "Ennsberger, Ulrich"]
[Result "1-0"]
[WhiteElo "2236"]
[BlackElo "2314"]
[PlyCount "95"]
[EventDate "2015.10.02"]
[EventType "team"]
[EventRounds "11"]
[EventCountry "AUT"]
[WhiteTeam "RbEJ Gleisdorf"]
[BlackTeam "Union Ansfelden"]

1. e4 c5 2. Nf3 d6 3. Bb5+ Bd7 4. c4 Nf6 5. Nc3 Nc6 6. O-O g6 7. Re1 Bg7 8.
Bxc6 Bxc6 9. d4 cxd4 10. Nxd4 O-O 11. b3 Nd7 12. Bb2 Re8 13. Qd2 Qa5 14. Rad1
Rac8 15. Nd5 Qxd2 16. Rxd2 Nc5 17. f3 Bd7 18. Red1 h5 19. Kf2 Be5 20. g3 Kf8
21. Ba1 Bc6 22. Nxc6 bxc6 23. Nf4 Bxa1 24. Rxa1 Rb8 25. Re1 e5 26. Ne2 Ke7 27.
Red1 Red8 28. Nc1 a5 29. Nd3 Ne6 30. f4 f6 31. Ke3 Nd4 32. c5 dxc5 33. fxe5
fxe5 34. Nxe5 Kf6 35. Nd3 Ne6 36. Rc1 Rd4 37. Rf2+ Ke7 38. Nxc5 Rbd8 39. Nxe6
Rd3+ 40. Ke2 Kxe6 41. Rxc6+ Ke7 42. Rxg6 Rd2+ 43. Kf1 Rxf2+ 44. Kxf2 Rd2+ 45.
Kf3 Rxa2 46. h4 Ra3 47. Kf4 Rxb3 48. Rg5 1-0

[Event "2. BUNDESLIGA MITTE"]
[Site "Steyregg, Fuerstenfeld/Sauwald/Villach, St. Veit/Glan, Graz"]
[Date "2015.10.03"]
[Round "2"]
[Board "6"]
[White "Mostbauer, Maximilian"]
[Black "Sandner, Wolfgang"]
[Result "0-1"]
[WhiteElo "2171"]
[BlackElo "2252"]
[PlyCount "134"]
[EventDate "2015.10.02"]
[EventType "team"]
[EventRounds "11"]
[EventCountry "AUT"]
[WhiteTeam "Union Ansfelden"]
[BlackTeam "RbEJ Gleisdorf"]

1. d4 Nf6 2. Nf3 g6 3. c4 Bg7 4. Nc3 O-O 5. e4 d6 6. Be2 e5 7. O-O Nc6 8. d5
Ne7 9. Ne1 Ne8 10. Nd3 f5 11. f3 Kh8 12. c5 Ng8 13. cxd6 cxd6 14. Bd2 h5 15.
Rc1 Nh6 16. Qc2 Rf7 17. Nf2 f4 18. Nb5 a6 19. Na3 g5 20. h3 b5 21. Qc3 Bd7 22.
Qa5 Qb8 23. Nc2 Bf6 24. Nb4 Bd8 25. Qa3 a5 26. Nc6 Qb6 27. Qd3 g4 28. fxg4 hxg4
29. hxg4 Nxg4 30. Qxb5 Nef6 31. Qxb6 Bxb6 32. Bf3 Nxf2 33. Rxf2 Bg4 34. Kf1 Rh7
35. Re1 Rg8 36. Bxg4 Nxg4 37. Rf3 Nh2+ 38. Ke2 Nxf3 39. gxf3 Rh2+ 40. Kd3 Rgg2
41. Bc3 Bc7 42. Kc4 Rf2 43. Rd1 Rxf3 44. Nxe5 Rxc3+ 45. bxc3 dxe5 46. d6 Bd8
47. Kd5 Rxa2 48. Kxe5 f3 49. Ke6 Re2 50. Rf1 f2 51. e5 Kg7 52. Kd7 Bh4 53. e6
Re1 54. e7 Kf7 (54... Rxf1 55. e8=Q Re1) 55. c4 a4 56. c5 a3 57. c6 a2 58. c7
a1=Q 59. e8=Q+ Kg7 60. Rxe1 fxe1=Q 61. Qxe1 Qa4+ 62. Kc8 Bxe1 63. Kb7 Qb5+ 64.
Kc8 Bg3 65. d7 Bxc7 66. Kxc7 Qc5+ 67. Kd8 Kf6 0-1

[Event "2. BUNDESLIGA MITTE"]
[Site "Steyregg, Fuerstenfeld/Sauwald/Villach, St. Veit/Glan, Graz"]
[Date "2015.10.03"]
[Round "2"]
[Board "1"]
[White "Huber, Martin Christian"]
[Black "Burlacu, Bogdan"]
[Result "1/2-1/2"]
[WhiteElo "2390"]
[BlackElo "2291"]
[PlyCount "54"]
[EventDate "2015.10.02"]
[EventType "team"]
[EventRounds "11"]
[EventCountry "AUT"]
[WhiteTeam "Schachfreunde Graz"]
[BlackTeam "Union Hartkirchen"]

1. Nf3 d5 2. g3 Nf6 3. Bg2 e6 4. O-O Be7 5. d4 O-O 6. c4 Nbd7 7. Qc2 c6 8. Nbd2
Re8 9. Rd1 Qa5 10. e4 dxe4 11. Nxe4 Nxe4 12. Qxe4 Nf6 13. Qc2 c5 14. d5 exd5
15. cxd5 Bd6 16. Bd2 Qb6 17. Bc3 Ne4 18. Re1 Bf5 19. Nh4 Nxc3 20. Nxf5 Nb5 21.
Qd2 Nd4 22. Nxg7 Kxg7 23. Qg5+ Kh8 24. Qf6+ Kg8 25. Qg5+ Kh8 26. Qf6+ Kg8 27.
Qg5+ Kh8 1/2-1/2

[Event "2. BUNDESLIGA MITTE"]
[Site "Steyregg, Fuerstenfeld/Sauwald/Villach, St. Veit/Glan, Graz"]
[Date "2015.10.03"]
[Round "2"]
[Board "2"]
[White "Jurek, Josef"]
[Black "Schnider, Gert"]
[Result "0-1"]
[WhiteElo "2289"]
[BlackElo "2333"]
[PlyCount "128"]
[EventDate "2015.10.02"]
[EventType "team"]
[EventRounds "11"]
[EventCountry "AUT"]
[WhiteTeam "Union Hartkirchen"]
[BlackTeam "Schachfreunde Graz"]

1. Nf3 c5 2. c4 Nf6 3. g3 g6 4. Bg2 Bg7 5. O-O O-O 6. Nc3 d5 7. cxd5 Nxd5 8.
Nxd5 Qxd5 9. d3 Nc6 10. Be3 Bd7 11. d4 cxd4 12. Nxd4 Qc4 13. b3 Qa6 14. Nxc6
Bxc6 15. Bxc6 Rfd8 16. Qc2 Bxa1 17. Bxb7 Qxb7 18. Rxa1 Rac8 19. Qb2 Qe4 20. Rc1
a6 21. Bb6 Rxc1+ 22. Qxc1 Rd6 23. Be3 Rc6 24. Qd1 h5 25. h4 Kg7 26. Kh2 Rd6 27.
Qc1 Kh7 28. f3 Qd5 29. Kg2 Rc6 30. Qa3 Qe5 31. Kf2 Rc3 32. Ba7 a5 33. Qa4 Rc2
34. Be3 Qb2 35. Qb5 Kg7 36. Qd3 Qxa2 37. Bd4+ f6 38. Qe4 Rc7 39. Bb6 Rd7 40.
Qe6 Qd2 41. Bxa5 Qd5 42. Qxd5 Rxd5 43. Bc3 Kf7 44. b4 Ke6 45. Ke3 Rd1 46. Bd4
Kd5 47. Bc5 e5 48. Kf2 f5 49. Ke3 Rb1 50. Kf2 Rb3 51. Kg2 Kc4 52. Kf2 e4 53.
fxe4 fxe4 54. Bd6 Kd5 55. Bc5 Ke5 56. Kg2 Kf5 57. Be7 Kg4 58. Bd6 Rc3 59. Be5
Re3 60. Kf1 Rb3 61. Bd6 e3 62. Kg2 Rb2 63. Bc5 Rxe2+ 64. Kf1 Kf3 0-1

[Event "2. BUNDESLIGA MITTE"]
[Site "Steyregg, Fuerstenfeld/Sauwald/Villach, St. Veit/Glan, Graz"]
[Date "2015.10.03"]
[Round "2"]
[Board "4"]
[White "Windhager, Hannes"]
[Black "Kastner, Walter"]
[Result "1-0"]
[WhiteElo "2176"]
[BlackElo "2211"]
[PlyCount "53"]
[EventDate "2015.10.02"]
[EventType "team"]
[EventRounds "11"]
[EventCountry "AUT"]
[WhiteTeam "Union Hartkirchen"]
[BlackTeam "Schachfreunde Graz"]

1. e4 e5 2. Bc4 Nf6 3. d3 Bc5 4. Nf3 Nc6 5. c3 d6 6. Bb3 Bb6 7. Nbd2 Ne7 8. O-O
Ng6 9. Nc4 O-O 10. h3 h6 11. Re1 Nh7 12. d4 Qf6 13. Be3 Ng5 14. Nxg5 hxg5 15.
a4 exd4 16. cxd4 c6 17. e5 dxe5 18. dxe5 Qe7 19. Bxb6 axb6 20. Nxb6 Ra5 21.
Nxc8 Rxc8 22. e6 f6 23. Qd7 Re8 24. Rad1 Raa8 25. Qd4 Nf8 26. Qg4 g6 27. Rd7
 1-0

[Event "2. BUNDESLIGA MITTE"]
[Site "Steyregg, Fuerstenfeld/Sauwald/Villach, St. Veit/Glan, Graz"]
[Date "2015.10.03"]
[Round "2"]
[Board "5"]
[White "Kravanja, Georg"]
[Black "Konrad, Edmund"]
[Result "1-0"]
[WhiteElo "2215"]
[BlackElo "2193"]
[PlyCount "109"]
[EventDate "2015.10.02"]
[EventType "team"]
[EventRounds "11"]
[EventCountry "AUT"]
[WhiteTeam "Schachfreunde Graz"]
[BlackTeam "Union Hartkirchen"]

1. d4 d5 2. c4 c6 3. Nf3 Nf6 4. e3 e6 5. b3 Nbd7 6. Bb2 Qa5+ 7. Nbd2 Ne4 8. Bd3
Nxd2 9. Nxd2 dxc4 10. Bxc4 Bb4 11. a3 Bxd2+ 12. Qxd2 Qxd2+ 13. Kxd2 Nf6 14. f3
O-O 15. e4 b6 16. Ke3 Bb7 17. Rac1 Rfd8 18. Rc2 Rd7 19. g4 Rad8 20. h4 b5 21.
Be2 h5 22. g5 Ne8 23. Bc3 Nd6 24. Ba5 Re8 25. Bb4 Nc8 26. f4 g6 27. a4 a6 28.
Bf3 Red8 29. Rd1 Re8 30. Rdc1 Kg7 31. a5 Na7 32. Be1 Kg8 33. Bb4 Kh7 34. Bc5
Nc8 35. Bg2 Kg8 36. Bh3 Kg7 37. Kf3 Nd6 38. Bxd6 Rxd6 39. Ke3 Red8 40. Rd2 Kf8
41. e5 R6d7 42. Rc5 Rd5 43. Rcc2 c5 44. Bg2 cxd4+ 45. Kd3 R5d7 46. Bxb7 Rxb7
47. Rc6 Ra7 48. Rdc2 Ke7 49. Rc7+ Rd7 50. Rxa7 Rxa7 51. Rc6 Kd7 52. Rd6+ Kc7
53. Kxd4 Ra8 54. Kc5 Ra7 55. Rc6+ 1-0

[Event "2. BUNDESLIGA MITTE"]
[Site "Steyregg, Fuerstenfeld/Sauwald/Villach, St. Veit/Glan, Graz"]
[Date "2015.10.03"]
[Round "2"]
[Board "6"]
[White "Mayerhofer, Peter"]
[Black "Eder, Matthias"]
[Result "0-1"]
[WhiteElo "2183"]
[BlackElo "2107"]
[PlyCount "120"]
[EventDate "2015.10.02"]
[EventType "team"]
[EventRounds "11"]
[EventCountry "AUT"]
[WhiteTeam "Union Hartkirchen"]
[BlackTeam "Schachfreunde Graz"]

1. e4 g6 2. d4 Bg7 3. Nc3 d6 4. f4 a6 5. a4 Nf6 6. Nf3 c5 7. Bd3 cxd4 8. Nxd4
O-O 9. h3 Qb6 10. Nb3 Be6 11. a5 Qc7 12. Be3 Nfd7 13. Nd4 Nc6 14. Nxe6 fxe6 15.
O-O Nxa5 16. Qg4 Kh8 17. Qxe6 Nc5 18. Qa2 Nxd3 19. cxd3 Nc6 20. Nd5 Qd8 21. Nb6
Rb8 22. Qc4 e6 23. Rf2 Qe7 24. e5 dxe5 25. Raf1 exf4 26. Bc5 Qc7 27. Rxf4 Rxf4
28. Rxf4 Ne5 29. Qb4 Nxd3 30. Bd6 Qc1+ 31. Rf1 Qxf1+ 32. Kxf1 Nxb4 33. Bxb8
Bxb2 34. Nd7 Bd4 35. Nf8 e5 36. Bd6 Nc6 37. Ne6 Kg8 38. Ng5 h6 39. Ne4 Kf7 40.
Ke2 Ke6 41. Kd3 b5 42. g4 Ne7 43. Bc5 Bxc5 44. Nxc5+ Kd5 45. Nxa6 e4+ 46. Kc3
Ke5 47. Nc5 Nd5+ 48. Kd2 Kf4 49. Ke2 e3 50. Ne6+ Kg3 51. g5 hxg5 52. Nxg5 Kh4
53. Ne6 Kxh3 54. Nd4 Kg4 55. Nxb5 Kf4 56. Nd4 Ke4 57. Nb5 Nf4+ 58. Kd1 Kf3 59.
Nd4+ Kf2 60. Nc2 g5 0-1

[Event "2. BUNDESLIGA MITTE"]
[Site "Steyregg, Fuerstenfeld/Sauwald/Villach, St. Veit/Glan, Graz"]
[Date "2015.10.03"]
[Round "2"]
[Board "1"]
[White "Frank, Paul"]
[Black "Freitag, Manfred"]
[Result "1/2-1/2"]
[WhiteElo "2167"]
[BlackElo "2378"]
[PlyCount "91"]
[EventDate "2015.10.02"]
[EventType "team"]
[EventRounds "11"]
[EventCountry "AUT"]
[WhiteTeam "ESV Admira Villach"]
[BlackTeam "ESV Austria Graz"]

1. Nf3 Nf6 2. g3 g6 3. Bg2 Bg7 4. O-O d5 5. d4 O-O 6. c4 dxc4 7. Na3 c3 8. bxc3
c5 9. e3 Nc6 10. Nc4 Nd5 11. Qb3 h6 12. Ba3 Be6 13. e4 b5 14. exd5 bxc4 15.
Qxc4 Bxd5 16. Qxc5 Rc8 17. Qb5 Re8 18. Rfe1 e6 19. Bc5 Qc7 20. Qa4 Red8 21.
Rad1 Qb7 22. Rb1 Qd7 23. Qa6 Rc7 24. Ba3 Bxa2 25. Ra1 Bd5 26. Bc1 Nb8 27. Qa3
Nc6 28. Bf4 Rcc8 29. h4 Qb7 30. Reb1 Qa8 31. Ne1 Bxg2 32. Nxg2 e5 33. dxe5 Nxe5
34. Qxa7 Nf3+ 35. Kh1 Qxa7 36. Rxa7 Rxc3 37. Ne3 g5 38. hxg5 hxg5 39. Rb8 Rxb8
40. Bxb8 Bd4 41. Re7 Bxe3 42. Rxe3 Rxe3 43. fxe3 g4 44. Kg2 Kg7 45. Kf2 Kg6 46.
e4 1/2-1/2

[Event "2. BUNDESLIGA MITTE"]
[Site "Steyregg, Fuerstenfeld/Sauwald/Villach, St. Veit/Glan, Graz"]
[Date "2015.10.03"]
[Round "2"]
[Board "2"]
[White "Karner, Christoph"]
[Black "Genser, Harald"]
[Result "1/2-1/2"]
[WhiteElo "2308"]
[BlackElo "2318"]
[PlyCount "63"]
[EventDate "2015.10.02"]
[EventType "team"]
[EventRounds "11"]
[EventCountry "AUT"]
[WhiteTeam "ESV Austria Graz"]
[BlackTeam "ESV Admira Villach"]

1. d4 d5 2. c4 e6 3. Nc3 Nf6 4. cxd5 exd5 5. Bg5 Be7 6. e3 c6 7. Bd3 Nbd7 8.
Nge2 h6 9. Bh4 Nh5 10. Bxe7 Qxe7 11. Qc2 Nb6 12. O-O-O Bd7 13. Kb1 O-O-O 14.
Na4 Nxa4 15. Qxa4 Kb8 16. Rc1 Rc8 17. Rc3 Rc7 18. Rhc1 Re8 19. Ra3 b6 20. Nc3
Nf6 21. Qc2 Bc8 22. h3 h5 23. Rb3 Ne4 24. Nxe4 dxe4 25. Be2 g6 26. Rc3 Bb7 27.
Qa4 Rec8 28. Ba6 Bxa6 29. Qxa6 Qg5 30. g3 Qf5 31. Qf1 c5 32. dxc5 1/2-1/2

[Event "2. BUNDESLIGA MITTE"]
[Site "Steyregg, Fuerstenfeld/Sauwald/Villach, St. Veit/Glan, Graz"]
[Date "2015.10.03"]
[Round "2"]
[Board "3"]
[White "Perhinig, Robert"]
[Black "Kotz, Heinz Peter"]
[Result "1/2-1/2"]
[WhiteElo "2262"]
[BlackElo "2291"]
[PlyCount "70"]
[EventDate "2015.10.02"]
[EventType "team"]
[EventRounds "11"]
[EventCountry "AUT"]
[WhiteTeam "ESV Admira Villach"]
[BlackTeam "ESV Austria Graz"]

1. d4 g6 2. c4 Nf6 3. Nc3 Bg7 4. e4 d6 5. Be2 O-O 6. Bg5 Na6 7. Qd2 Qe8 8. h4
c6 9. Bh6 e5 10. Bxg7 Kxg7 11. O-O-O h5 12. f4 Ng4 13. Nh3 Qe7 14. g3 f6 15.
Rdf1 Nc7 16. Nf2 Nxf2 17. Rxf2 Ne6 18. d5 Nd4 19. f5 gxf5 20. Bxh5 fxe4 21. g4
f5 22. Qe3 f4 23. Qxe4 Bd7 24. Qg6+ Kh8 25. Qh6+ Kg8 26. Ne4 cxd5 27. cxd5
Rac8+ 28. Kb1 Bb5 29. Rd1 Qc7 30. Qg6+ Kh8 31. Ng5 Rf5 32. Qh6+ Kg8 33. Qg6+
Kh8 34. Qh6+ Kg8 35. Qg6+ Kh8 1/2-1/2

[Event "2. BUNDESLIGA MITTE"]
[Site "Steyregg, Fuerstenfeld/Sauwald/Villach, St. Veit/Glan, Graz"]
[Date "2015.10.03"]
[Round "2"]
[Board "4"]
[White "Ebner, Hubert"]
[Black "Riemelmoser, Franz"]
[Result "1/2-1/2"]
[WhiteElo "2229"]
[BlackElo "2331"]
[PlyCount "98"]
[EventDate "2015.10.02"]
[EventType "team"]
[EventRounds "11"]
[EventCountry "AUT"]
[WhiteTeam "ESV Austria Graz"]
[BlackTeam "ESV Admira Villach"]

1. Nf3 b6 2. d4 e6 3. c4 Nf6 4. g3 Ba6 5. b3 Bb7 6. Bg2 Bb4+ 7. Bd2 a5 8. O-O
O-O 9. Bc3 Bxc3 10. Nxc3 Ne4 11. Nxe4 Bxe4 12. Qd2 Qc8 13. Rfd1 d6 14. Rac1 Nd7
15. Ne1 Bxg2 16. Nxg2 Qb7 17. Nf4 Ra7 18. Qe3 h6 19. Rc3 Re8 20. Qd3 Raa8 21.
Qf3 Qxf3 22. Rxf3 g5 23. Ng2 f5 24. Rc3 Kf7 25. Re1 c5 26. Rd3 Nf6 27. Red1 d5
28. cxd5 exd5 29. dxc5 bxc5 30. Kf1 a4 31. Ne3 axb3 32. axb3 Ra2 33. R1d2 Rxd2
34. Rxd2 f4 35. gxf4 gxf4 36. Ng2 Re4 37. Rc2 c4 38. bxc4 dxc4 39. f3 Rd4 40.
e3 Rd1+ 41. Kf2 fxe3+ 42. Nxe3 Rh1 43. Kg2 Re1 44. Kf2 Ra1 45. Rxc4 Ra6 46. Rc5
Kg6 47. Rc2 Re6 48. Rc5 Ra6 49. Rc2 Re6 1/2-1/2

[Event "2. BUNDESLIGA MITTE"]
[Site "Steyregg, Fuerstenfeld/Sauwald/Villach, St. Veit/Glan, Graz"]
[Date "2015.10.03"]
[Round "2"]
[Board "5"]
[White "Bartl, Ulf"]
[Black "Spindelboeck, Gernot"]
[Result "0-1"]
[WhiteElo "1954"]
[BlackElo "2262"]
[PlyCount "94"]
[EventDate "2015.10.02"]
[EventType "team"]
[EventRounds "11"]
[EventCountry "AUT"]
[WhiteTeam "ESV Admira Villach"]
[BlackTeam "ESV Austria Graz"]

1. c4 Nf6 2. Nc3 e6 3. g3 d5 4. d4 Be7 5. Bg2 O-O 6. Nf3 Nbd7 7. Qd3 a6 8. b3
c5 9. cxd5 exd5 10. O-O cxd4 11. Nxd4 Nc5 12. Qd1 Bg4 13. h3 Be6 14. Bb2 Qb6
15. e3 Rad8 16. Rc1 Rfe8 17. Nce2 Nce4 18. Nf4 Bf8 19. Qe2 Rc8 20. Nd3 Bd6 21.
Rfd1 Qd8 22. Nf4 Qd7 23. Ndxe6 fxe6 24. Rxc8 Rxc8 25. Bxe4 Nxe4 26. Qd3 Qf7 27.
h4 Bxf4 28. exf4 Qg6 29. Rc1 Rxc1+ 30. Bxc1 h5 31. Bb2 Kh7 32. Kg2 Nf6 33.
Qxg6+ Kxg6 34. f3 Kf5 35. Kf2 g6 36. Ke3 Nd7 37. Bd4 Nb8 38. Bg7 Nc6 39. a3 Na5
40. b4 Nc4+ 41. Kd4 Nxa3 42. Kc5 Nc4 43. Kd4 b6 44. Bh8 a5 45. bxa5 bxa5 46.
Kd3 e5 47. fxe5 Nxe5+ 0-1

[Event "2. BUNDESLIGA MITTE"]
[Site "Steyregg, Fuerstenfeld/Sauwald/Villach, St. Veit/Glan, Graz"]
[Date "2015.10.03"]
[Round "2"]
[Board "6"]
[White "Aschenbrenner, Robert"]
[Black "Eder, Robert"]
[Result "1-0"]
[WhiteElo "2212"]
[BlackElo "1837"]
[PlyCount "57"]
[EventDate "2015.10.02"]
[EventType "team"]
[EventRounds "11"]
[EventCountry "AUT"]
[WhiteTeam "ESV Austria Graz"]
[BlackTeam "ESV Admira Villach"]

1. d4 Nf6 2. Nf3 g6 3. c4 Bg7 4. Nc3 d6 5. e4 O-O 6. h3 c5 7. d5 Nbd7 8. Be3
Qa5 9. Nd2 Re8 10. Be2 Rb8 11. O-O a6 12. a4 Qc7 13. Qc2 Nf8 14. f4 N6d7 15. e5
dxe5 16. f5 Nf6 17. Bd3 Ra8 18. Rf3 b6 19. Raf1 Rd8 20. g4 Rd6 21. Nde4 Ra7 22.
Nxd6 exd6 23. fxg6 fxg6 24. Rxf6 Bxf6 25. Rxf6 Bd7 26. Bh6 Ra8 27. Qf2 Qb8 28.
Ne4 Bxa4 29. Rf7 1-0